000 00805cam a2200289 4500500
005 20260329001848.0
041 _afre
042 _adc
100 1 0 _aLegros, Martin
_eauthor
245 0 0 _aGeorge Steiner : “ La haine me fatigue ”
260 _c2009.
500 _a1
690 _aCivilisations
690 _aConnaissance
690 _aCulture
690 _aGeorge Steiner
690 _aHaine
690 _aHistoire
690 _aJudaïsme
690 _aJuifs
690 _aMulticulturalisme
690 _aRacisme
690 _aSavoir
690 _aSeconde Guerre mondiale
786 0 _nPhilosophie magazine | 31 | 7 | 2009-07-01 | p. 30-32 | 1951-1787
856 4 1 _uhttps://shs.cairn.info/magazine-philosophie-magazine-2009-7-page-30?lang=fr&redirect-ssocas=7080
999 _c1809380
_d1809380